Understanding the People and Performance Link : (Record no. 769)

MARC details
000 -LEADER
fixed length control field 00458nam a2200157Ia 4500
008 - FIXED-LENGTH DATA ELEMENTS--GENERAL INFORMATION
fixed length control field 230312s9999||||xx |||||||||||||| ||und||
020 ## - INTERNATIONAL STANDARD BOOK NUMBER
International Standard Book Number 0-85292-987-0
082 ## - DEWEY DECIMAL CLASSIFICATION NUMBER
Classification number 658.3
Item number PUR-U
100 ## - MAIN ENTRY--PERSONAL NAME
Personal name Purcell , John
245 #0 - TITLE STATEMENT
Title Understanding the People and Performance Link :
260 ## - PUBLICATION, DISTRIBUTION, ETC.
Name of publisher, distributor, etc. CIPD
Place of publication, distribution, etc. London
Date of publication, distribution, etc. 2003
300 ## - PHYSICAL DESCRIPTION
Extent 88
546 ## - LANGUAGE NOTE
Language note Eng.
650 ## - SUBJECT ADDED ENTRY--TOPICAL TERM
Topical term or geographic name entry element Management
Form subdivision How can we explain the connection between people management and performance ?
942 ## - ADDED ENTRY ELEMENTS (KOHA)
Koha item type BOOK
Holdings
Withdrawn status Lost status Source of classification or shelving scheme Damaged status Not for loan Home library Current library Date acquired Total Checkouts Full call number Barcode Date last seen Price effective from Koha item type
    Dewey Decimal Classification     Superior Information Resource Center (SIRC) Superior University- Central Library Superior Information Resource Center (SIRC) Superior University- Central Library 03/13/2023   658.3 PUR-U 778 03/13/2023 03/13/2023 BOOK

Powered by Koha